000 01017mam a2200325 a 4500
001 1989460
003 ARRUPE
005 20150304020007.0
008 961112r19971996nyua b 001 0 eng
010 _a 96049270
020 _a0684831465
035 _a(OCoLC)ocm35986296
035 _a(NNC)1989460
040 _aDLC
_cDLC
050 0 0 _aRZ400
_b.B45 1997
082 0 0 _a615.8/52
_221
100 1 _aBenson, Herbert,
_d1935-
_914808
245 1 0 _aTimeless healing :
_bthe power and biology of belief /
_cby Herbert Benson, with Marg Stark.
250 _a1st Fireside ed.
260 _aNew York :
_bSimon & Schuster,
_c1997.
300 _a350 p. :
_bill. ;
_c22 cm.
500 _aOriginally published: New York : Scribner, 1996.
504 _aIncludes bibliographical references and index.
650 0 _aMental healing.
_914809
650 0 _aTherapeutics, Suggestive.
_914810
700 1 _aStark, Marg.
_914811
900 _bTOC
942 _2lcc
_cMONOGRAPH
_01
948 2 _a20060118
_ba
_crad1
_dMPS
999 _c121950
_d121950